Aktuálne otázky integrácie SR do európskej únie

Salvato in:
Dettagli Bibliografici
Autore principale: Hontyová, Kajetána
Natura: Capitolo di libro
Lingua:slovacco
Tags: Aggiungi Tag
Nessun Tag, puoi essere il primo ad aggiungerne!!

MARC

LEADER 00000naa$a2200000$$$4500
001 0112312
005 20240502072239.8
041 0 |a slo 
044 |a SK 
245 1 0 |a Aktuálne otázky integrácie SR do európskej únie  |c Kajetana Hontyová 
100 1 |a Hontyová, Kajetána